| 000 | 00521nam a22001697a 4500 | ||
|---|---|---|---|
| 003 | CEME | ||
| 005 | 20210628205956.0 | ||
| 008 | 210209b xxu||||| |||| 00| 0 eng d | ||
| 040 | _c. | ||
| 082 | _a355.009 BAJ | ||
| 100 |
_aBajpai, Kanthi.P Cheema, Pervaiz.Iqbal Cohar, Stephen.P _977725 |
||
| 245 | _aBrasstacks and beyond perception and management of crisis in south asia | ||
| 260 |
_aLAHORE _bARMY EDUCATION PRESS _c2000 |
||
| 300 | _a205P | ||
| 650 |
_aMANAGEMENT CRISIS IN SOUTH ASIA _977726 |
||
| 942 |
_cBK _2ddc |
||
| 999 |
_c582941 _d582941 |
||